000 00536nam a22001697a 4500
003 OSt
005 20240926232543.0
008 240926b |||||||| |||| 00| 0 eng d
040 _c0
082 _aDPer 050 R22 2000 January-May 2023 v123 no. 719-723
100 _a Foster, Helen.
_eauthor.
_961703
245 _aThe future of medicine /
_cHelen Foster.
260 _aTaipei ;
_bReader's Digest Asia,
_cApril 2023.
300 _aVolume 123, pages 28-33 ,
_billustration.
700 _aFoster, Helen.
_eauthor.
_961682
942 _2ddc
_cPER
999 _c21927
_d21927